|
|
|
|
| LEADER |
00000nam a2200000 4500 |
| 001 |
vtls011745913 |
| 003 |
SK-MaSNL |
| 005 |
20260301182921.0 |
| 008 |
220509s2017 xo oa g b n 000 0 slo |
| 015 |
|
|
|a SNBA2018/05
|
| 015 |
|
|
|a SNBSAB2017
|
| 020 |
|
|
|a 9788085148954
|q (brožované)
|
| 035 |
|
|
|a urn:nbn:sk:snk-am00gk0o
|
| 035 |
|
|
|a urn:nbn:sk:snk-am3j5a9
|
| 035 |
|
|
|a EBF76038-CEBD-4086-9E11-6C0FA9959691
|
| 040 |
|
|
|a SNK
|b slo
|c SNK
|e rda
|
| 041 |
0 |
|
|a slo
|
| 043 |
|
|
|a e-xo---
|
| 044 |
|
|
|a xo
|c SK
|
| 072 |
|
7 |
|a 821.162.4.09
|x Slovenská literatúra (o nej)
|2 konspekt
|
| 072 |
|
7 |
|a 929
|x Biografie
|2 konspekt
|
| 080 |
|
|
|a 929
|2 2011
|
| 080 |
|
|
|a (437.6)
|2 2011
|
| 080 |
|
|
|a (082)
|2 2011
|
| 080 |
|
|
|a 821.162.4-051
|2 2011
|
| 080 |
|
|
|a 82-95-051
|2 2011
|
| 080 |
|
|
|a (01)-048.58
|2 2011
|
| 245 |
0 |
0 |
|a Ján Lenčo 1933-2012
|b zborník z odborného seminára z cyklu Osobnosti Žiliny
|c zostavil: Igor Válek ; ilustrácia: Stanislav Lajda
|
| 246 |
3 |
0 |
|a Zborník z odborného seminára z cyklu Osobnosti Žiliny
|
| 264 |
|
1 |
|a Žilina
|b Krajská knižnica v Žiline
|c 2017
|
| 300 |
|
|
|a 39 strán
|b fotografie, ilustrácia
|c 21 cm
|
| 336 |
|
|
|a text
|b txt
|2 rdacontent
|
| 337 |
|
|
|a bez média
|b n
|2 rdamedia
|
| 338 |
|
|
|a zväzok
|b nc
|2 rdacarrier
|
| 366 |
|
|
|e 50 kusov
|
| 500 |
|
|
|a Obsahuje biografické údaje o autorovi
|
| 504 |
|
|
|a Bibliografia na strane 19 ; knižná tvorba autora, doplnený výber z výberovej personálnej bibliografie Ján Lenčo, 2003
|
| 600 |
1 |
7 |
|a Lenčo, Ján,
|d 1933-2012
|2 SNKMA
|9 103758
|
| 650 |
0 |
7 |
|a osobnosti
|2 SNKPH
|9 29820
|
| 650 |
0 |
7 |
|a Celebrities
|2 SNKPHeng
|9 265203
|
| 650 |
0 |
7 |
|a slovenskí spisovatelia
|2 SNKPH
|9 1258
|
| 650 |
0 |
7 |
|a Slovak authors
|2 SNKPHeng
|9 268018
|
| 650 |
0 |
7 |
|a literárni kritici
|2 SNKPH
|9 89457
|
| 650 |
0 |
7 |
|a Literary criticism
|2 SNKPHeng
|9 265138
|
| 651 |
|
7 |
|a Žilina (Slovensko)
|2 SNKPHgeo
|9 28812
|
| 651 |
|
7 |
|a Žilina (Slovakia)
|2 SNKPHeng
|9 265991
|
| 655 |
|
7 |
|a zborníky
|2 SNKPH
|9 70165
|
| 655 |
|
7 |
|a Miscellanea
|2 SNKPHeng
|9 265155
|
| 655 |
|
7 |
|a výberové bibliografie
|2 SNKPH
|9 70561
|
| 655 |
|
7 |
|a Selected bibliographies
|2 SNKPHeng
|9 275217
|
| 700 |
1 |
|
|a Válek, Igor,
|d 1967-
|4 com
|9 97609
|
| 700 |
1 |
|
|a Lajda, Stanislav,
|d 1959-
|4 ill
|9 90553
|
| 919 |
|
|
|a 978-80-85148-95-4
|
| 958 |
|
|
|a BX
|
| 958 |
|
|
|a NB
|
| 958 |
|
|
|a SF
|
| 999 |
|
|
|c 855246
|d 857176
|
| 952 |
|
|
|a SNK
|b SNK
|y PREZ
|7 0
|p 17A1322195
|o snkSC 178633
|i snk2018/6223
|8 0
|0 0
|1 0
|4 0
|d 2018-03-13
|f 1
|l 0
|r 2025-09-19 00:00:00
|w 2026-02-24
|
| 952 |
|
|
|a SNK
|b SNK
|y VYP
|7 0
|p 17A1322196
|o snkSC 178633 D1
|i snk2018/6224
|8 0
|0 0
|1 0
|4 0
|d 2018-03-13
|l 0
|r 2026-02-24 04:54:31
|w 2026-02-24
|